00386nam a22001097a 4500003000400000082001700004100002000021245016700041260002500208300000800233653003500241SGT a617.69bT26C aChoudhry, Udita aTo study the influence of Vitamin D3 supplements on the available bone quality and success of dental implants in mandibular posterior region in Indian postulation aGurugrambSGTUc2026 a107 a Prosthodontics & Crown Bridge